Aberdeen Players Since 2014 - Statistics

General Stats
  • This quiz has been taken 42 times
  • The average score is 98 of 293
Answer Stats
% Correct
2023/24 (Premiership - 7th) North Macedonia ST 24 Bojan Miovski 53 26
87%
2022/23 (Premiership - 3rd) North Macedonia ST 23 Bojan Miovski 42 18
87%
2023/24 (Premiership - 7th) Scotland DM 32 Graeme Shinnie 50 3
87%
2022/23 (Premiership - 3rd) Scotland DM 30 Graeme Shinnie 14 2
87%
2018/19 (Premiership - 4th) Scotland DM 26 Graeme Shinnie 47 4
87%
2017/18 (Premiership - 2nd) Scotland DM 25 Graeme Shinnie 45 4
87%
2016/17 (Premiership - 2nd) Scotland DM 24 Graeme Shinnie 51 3
87%
2015/16 (Premiership - 2nd) Scotland DM 23 Graeme Shinnie 45 1
87%
2023/24 (Premiership - 7th) Cape Verde ST 24 Duk 49 7
83%
2022/23 (Premiership - 3rd) Cape Verde ST 22 Duk 43 18
83%
2023/24 (Premiership - 7th) Scotland RB 30 Nicky Devlin 53 4
80%
2023/24 (Premiership - 7th) Netherlands GK 32 Kelle Roos 52
77%
2022/23 (Premiership - 3rd) Netherlands GK 30 Kelle Roos 38
77%
2020/21 (Premiership - 4th) Scotland CB 26 Mikey Devlin 2
77%
2019/20 (Premiership - 4th) Scotland CB 25 Mikey Devlin 19
77%
2018/19 (Premiership - 4th) Scotland CB 24 Mikey Devlin 30 1
77%
2023/24 (Premiership - 7th) Slovenia ST 25 Ester Sokler 40 4
73%
2023/24 (Premiership - 7th) Ireland RM 36 Jonny Hayes 23 1
70%
2022/23 (Premiership - 3rd) Ireland RM 34 Jonny Hayes 37 2
70%
2021/22 (Premiership - 10th) Ireland RM 33 Jonny Hayes 44 2
70%
2020/21 (Premiership - 4th) Ireland RM 32 Jonny Hayes 41 3
70%
2016/17 (Premiership - 2nd) Ireland RM 28 Jonny Hayes 44 11
70%
2015/16 (Premiership - 2nd) Ireland RM 27 Jonny Hayes 42 6
70%
2014/15 (Premiership - 2nd) Ireland RM 26 Jonny Hayes 42 4
70%
2023/24 (Premiership - 7th) United States DM 23 Dante Polvara 40 4
67%
2022/23 (Premiership - 3rd) United States DM 22 Dante Polvara 6
67%
2021/22 (Premiership - 10th) United States DM 21 Dante Polvara 5
67%
2023/24 (Premiership - 7th) England DM 22 Leighton Clarkson 49 4
63%
2022/23 (Premiership - 3rd) England DM 20 Leighton Clarkson 38 6
63%
2022/23 (Premiership - 3rd) Albania DM 26 Ylber Ramadani 44 1
63%
2023/24 (Premiership - 7th) Scotland LB 24 Jack MacKenzie 38 1
60%
2022/23 (Premiership - 3rd) Scotland LB 22 Jack MacKenzie 19
60%
2021/22 (Premiership - 10th) Scotland LB 21 Jack MacKenzie 27 1
60%
2020/21 (Premiership - 4th) Scotland LB 20 Jack MacKenzie 6
60%
2023/24 (Premiership - 7th) Ireland AM 27 Jamie McGrath 48 11
60%
2022/23 (Premiership - 3rd) England GK 34 Joe Lewis 4
60%
2021/22 (Premiership - 10th) England GK 33 Joe Lewis 42
60%
2020/21 (Premiership - 4th) England GK 32 Joe Lewis 41
60%
2019/20 (Premiership - 4th) England GK 31 Joe Lewis 43
60%
2018/19 (Premiership - 4th) England GK 30 Joe Lewis 50
60%
2017/18 (Premiership - 2nd) England GK 29 Joe Lewis 39
60%
2016/17 (Premiership - 2nd) England GK 28 Joe Lewis 53
60%
2023/24 (Premiership - 7th) Canada LW 34 Junior Hoilett 15 2
60%
2023/24 (Premiership - 7th) Finland CB 28 Richard Jensen 39
60%
2023/24 (Premiership - 7th) England RW 22 Shayden Morris 20
60%
2022/23 (Premiership - 3rd) England RW 20 Shayden Morris 15
60%
2021/22 (Premiership - 10th) Northern Ireland LW 33 Niall McGinn 11
57%
2020/21 (Premiership - 4th) Northern Ireland LW 32 Niall McGinn 29 2
57%
2019/20 (Premiership - 4th) Northern Ireland LW 31 Niall McGinn 41 7
57%
2018/19 (Premiership - 4th) Northern Ireland LW 30 Niall McGinn 37 8
57%
2017/18 (Premiership - 2nd) Northern Ireland LW 29 Niall McGinn 16 2
57%
2016/17 (Premiership - 2nd) Northern Ireland LW 28 Niall McGinn 50 14
57%
2015/16 (Premiership - 2nd) Northern Ireland LW 27 Niall McGinn 44 12
57%
2014/15 (Premiership - 2nd) Northern Ireland LW 26 Niall McGinn 45 7
57%
2023/24 (Premiership - 7th) Montenegro CB 24 Slobodan Rubezic 31
57%
2021/22 (Premiership - 10th) Scotland RB 17 Calvin Ramsay 33 1
53%
2020/21 (Premiership - 4th) Scotland RB 16 Calvin Ramsay 6
53%
2023/24 (Premiership - 7th) Scotland CM 21 Connor Barron 42 1
53%
2022/23 (Premiership - 3rd) Scotland CM 19 Connor Barron 19 1
53%
2021/22 (Premiership - 10th) Scotland CM 18 Connor Barron 15
53%
2023/24 (Premiership - 7th) New Zealand LB 26 James McGarry 17
53%
2023/24 (Premiership - 7th) Senegal ST 24 Pape Habib Gueye 7
53%
2023/24 (Premiership - 7th) Scotland GK 26 Ross Doohan 2
53%
2021/22 (Premiership - 10th) Scotland CB 34 Andy Considine 9 1
50%
2020/21 (Premiership - 4th) Scotland CB 33 Andy Considine 43 1
50%
2019/20 (Premiership - 4th) Scotland CB 32 Andy Considine 40 6
50%
2018/19 (Premiership - 4th) Scotland CB 31 Andy Considine 44 4
50%
2017/18 (Premiership - 2nd) Scotland CB 30 Andy Considine 42 4
50%
2016/17 (Premiership - 2nd) Scotland CB 29 Andy Considine 51 6
50%
2015/16 (Premiership - 2nd) Scotland CB 28 Andy Considine 40 3
50%
2014/15 (Premiership - 2nd) Scotland CB 27 Andy Considine 45 2
50%
2023/24 (Premiership - 7th) England CB 31 Angus MacDonald 28 2
50%
2022/23 (Premiership - 3rd) England CB 29 Angus MacDonald 15
50%
2023/24 (Premiership - 7th) Denmark CB 27 Stefan Gartenmann 45 3
50%
2017/18 (Premiership - 2nd) Ireland ST 29 Adam Rooney 44 10
47%
2016/17 (Premiership - 2nd) Ireland ST 28 Adam Rooney 53 20
47%
2015/16 (Premiership - 2nd) Ireland ST 27 Adam Rooney 35 20
47%
2014/15 (Premiership - 2nd) Ireland ST 26 Adam Rooney 47 28
47%
2022/23 (Premiership - 3rd) United States ST 31 Christian Ramirez 15 3
47%
2021/22 (Premiership - 10th) United States ST 30 Christian Ramirez 45 15
47%
2023/24 (Premiership - 7th) Scotland AM 16 Fletcher Boyd 2 2
47%
2023/24 (Premiership - 7th) Scotland CB 21 Jack Milne 10
47%
2022/23 (Premiership - 3rd) Scotland CB 19 Jack Milne 4
47%
2021/22 (Premiership - 10th) Wales RW 25 Ryan Hedges 22 5
47%
2020/21 (Premiership - 4th) Wales RW 24 Ryan Hedges 32 9
47%
2019/20 (Premiership - 4th) Wales RW 23 Ryan Hedges 32 4
47%
2020/21 (Premiership - 4th) England RB 32 Shay Logan 14
47%
2019/20 (Premiership - 4th) England RB 31 Shay Logan 38
47%
2018/19 (Premiership - 4th) England RB 30 Shay Logan 34
47%
2017/18 (Premiership - 2nd) England RB 29 Shay Logan 47 2
47%
2016/17 (Premiership - 2nd) England RB 28 Shay Logan 53 4
47%
2015/16 (Premiership - 2nd) England RB 27 Shay Logan 45 4
47%
2014/15 (Premiership - 2nd) England RB 26 Shay Logan 45 4
47%
2021/22 (Premiership - 10th) Scotland AM 21 Lewis Ferguson 45 16
43%
2020/21 (Premiership - 4th) Scotland AM 20 Lewis Ferguson 41 10
43%
2019/20 (Premiership - 4th) Scotland AM 19 Lewis Ferguson 39 3
43%
2018/19 (Premiership - 4th) Scotland AM 18 Lewis Ferguson 44 8
43%
2020/21 (Premiership - 4th) Scotland CB 23 Scott McKenna 6
43%
2019/20 (Premiership - 4th) Scotland CB 22 Scott McKenna 35 1
43%
2018/19 (Premiership - 4th) Scotland CB 21 Scott McKenna 39 2
43%
2017/18 (Premiership - 2nd) Scotland CB 20 Scott McKenna 34 3
43%
2016/17 (Premiership - 2nd) Scotland CB 19 Scott McKenna 1
43%
2015/16 (Premiership - 2nd) Scotland CB 18 Scott McKenna 3
43%
2017/18 (Premiership - 2nd) Scotland AM 22 Ryan Christie 42 8
40%
2016/17 (Premiership - 2nd) Scotland AM 21 Ryan Christie 15 7
40%
2020/21 (Premiership - 4th) England ST 23 Sam Cosgrove 15 3
40%
2019/20 (Premiership - 4th) England ST 22 Sam Cosgrove 38 23
40%
2018/19 (Premiership - 4th) England ST 21 Sam Cosgrove 44 21
40%
2017/18 (Premiership - 2nd) England ST 20 Sam Cosgrove 6
40%
2021/22 (Premiership - 10th) Scotland CB 30 Declan Gallagher 31
37%
2016/17 (Premiership - 2nd) England AM 19 James Maddison 17 2
37%
2017/18 (Premiership - 2nd) Scotland CM 25 Kenny McLean 47 11
37%
2016/17 (Premiership - 2nd) Scotland CM 24 Kenny McLean 53 5
37%
2015/16 (Premiership - 2nd) Scotland CM 23 Kenny McLean 45 9
37%
2014/15 (Premiership - 2nd) Scotland CM 22 Kenny McLean 13
37%
2022/23 (Premiership - 3rd) Ireland CB 23 Liam Scales 39 1
37%
2022/23 (Premiership - 3rd) Scotland RB 24 Ross McCrorie 41 5
37%
2021/22 (Premiership - 10th) Scotland RB 23 Ross McCrorie 39 1
37%
2020/21 (Premiership - 4th) Scotland RB 22 Ross McCrorie 34 2
37%
2019/20 (Premiership - 4th) Scotland RB 21 Ross McCrorie 1
37%
2021/22 (Premiership - 10th) Scotland CB 24 David Bates 35 2
33%
2019/20 (Premiership - 4th) Ireland LB 23 Jon Gallagher 31 1
33%
2020/21 (Premiership - 4th) Venezuela RB 22 Ronald Hernandez 4
33%
2019/20 (Premiership - 4th) Venezuela RB 21 Ronald Hernandez 2
33%
2023/24 (Premiership - 7th) Scotland LW 20 Ryan Duncan 19
33%
2022/23 (Premiership - 3rd) Scotland LW 18 Ryan Duncan 30 2
33%
2020/21 (Premiership - 4th) Scotland LW 16 Ryan Duncan 1
33%
2016/17 (Premiership - 2nd) Scotland CM 24 Ryan Jack 39 2
33%
2015/16 (Premiership - 2nd) Scotland CM 23 Ryan Jack 35
33%
2014/15 (Premiership - 2nd) Scotland CM 22 Ryan Jack 42 3
33%
2021/22 (Premiership - 10th) Scotland CM 36 Scott Brown 33 2
33%
2015/16 (Premiership - 2nd) England GK 30 Scott Brown 13
33%
2014/15 (Premiership - 2nd) England GK 29 Scott Brown 29
33%
2020/21 (Premiership - 4th) Wales CB 29 Ash Taylor 32 1
30%
2019/20 (Premiership - 4th) Wales CB 28 Ash Taylor 20 1
30%
2016/17 (Premiership - 2nd) Wales CB 25 Ash Taylor 44 3
30%
2015/16 (Premiership - 2nd) Ireland CB 24 Ash Taylor 45 4
30%
2014/15 (Premiership - 2nd) Wales CB 23 Ash Taylor 37 4
30%
2020/21 (Premiership - 4th) Scotland ST 21 Bruce Anderson 7
30%
2019/20 (Premiership - 4th) Scotland ST 20 Bruce Anderson 15 1
30%
2018/19 (Premiership - 4th) Scotland ST 19 Bruce Anderson 17 2
30%
2021/22 (Premiership - 10th) Belgium CM 29 Funso Ojo 39 1
30%
2020/21 (Premiership - 4th) Belgium CM 28 Funso Ojo 13
30%
2019/20 (Premiership - 4th) Belgium CM 27 Funso Ojo 24
30%
2023/24 (Premiership - 7th) Ireland CM 22 Killian Phillips 13
30%
2022/23 (Premiership - 3rd) England CB 20 Mattie Pollock 15 2
30%
2014/15 (Premiership - 2nd) Scotland CB 35 Russell Anderson 7
30%
2016/17 (Premiership - 2nd) Ireland CM 31 Willo Flood 2
30%
2015/16 (Premiership - 2nd) Ireland CM 30 Willo Flood 29
30%
2014/15 (Premiership - 2nd) Ireland CM 29 Willo Flood 33
30%
2022/23 (Premiership - 3rd) Scotland ST 16 Alfie Bavidge 5
27%
2022/23 (Premiership - 3rd) England CB 29 Anthony Stewart 29 1
27%
2015/16 (Premiership - 2nd) Scotland RM 36 Barry Robson 14
27%
2014/15 (Premiership - 2nd) Scotland RM 35 Barry Robson 27
27%
2015/16 (Premiership - 2nd) Wales GK 22 Danny Ward 29
27%
2018/19 (Premiership - 4th) Scotland ST 28 Greg Stewart 20 2
27%
2017/18 (Premiership - 2nd) Scotland ST 27 Greg Stewart 36 4
27%
2014/15 (Premiership - 2nd) Scotland GK 34 Jamie Langfield 19
27%
2022/23 (Premiership - 3rd) Netherlands RW 21 Vicente Besuijen 25 7
27%
2021/22 (Premiership - 10th) Netherlands RW 20 Vicente Besuijen 17 2
27%
2021/22 (Premiership - 10th) Scotland DM 20 Dean Campbell 13
23%
2020/21 (Premiership - 4th) Scotland DM 19 Dean Campbell 24
23%
2019/20 (Premiership - 4th) Scotland DM 18 Dean Campbell 26
23%
2018/19 (Premiership - 4th) Scotland DM 17 Dean Campbell 10 1
23%
2017/18 (Premiership - 2nd) Scotland DM 16 Dean Campbell 1
23%
2016/17 (Premiership - 2nd) Scotland DM 15 Dean Campbell 1
23%
2020/21 (Premiership - 4th) Jamaica LB 25 Greg Leigh 9
23%
2019/20 (Premiership - 4th) Jamaica LB 24 Greg Leigh 24 2
23%
2021/22 (Premiership - 10th) England AM 30 Jay Emmanuel-Thomas 23 1
23%
2022/23 (Premiership - 3rd) Netherlands GK 22 Jay Gorter 4
23%
2022/23 (Premiership - 3rd) Wales RW 31 Marley Watkins 31 1
23%
2021/22 (Premiership - 10th) Wales RW 30 Marley Watkins 21 3
23%
2020/21 (Premiership - 4th) Wales RW 29 Marley Watkins 12 2
23%
2019/20 (Premiership - 4th) Wales RW 28 Marley Watkins 1
23%
2022/23 (Premiership - 3rd) Northern Ireland LW 27 Matty Kennedy 29 4
23%
2021/22 (Premiership - 10th) Northern Ireland LW 26 Matty Kennedy 9
23%
2020/21 (Premiership - 4th) Northern Ireland LW 25 Matty Kennedy 35 1
23%
2019/20 (Premiership - 4th) Northern Ireland LW 24 Matty Kennedy 12 1
23%
2016/17 (Premiership - 2nd) Scotland AM 25 Peter Pawlett 21 3
23%
2015/16 (Premiership - 2nd) Scotland AM 24 Peter Pawlett 26 2
23%
2014/15 (Premiership - 2nd) Scotland AM 23 Peter Pawlett 45 7
23%
2020/21 (Premiership - 4th) Scotland RW 22 Scott Wright 20 2
23%
2019/20 (Premiership - 4th) Scotland RW 21 Scott Wright 8 1
23%
2018/19 (Premiership - 4th) Scotland RW 20 Scott Wright 18
23%
2017/18 (Premiership - 2nd) Scotland RW 19 Scott Wright 19 1
23%
2016/17 (Premiership - 2nd) Scotland RW 18 Scott Wright 7 3
23%
2015/16 (Premiership - 2nd) Scotland RW 17 Scott Wright 4
23%
2014/15 (Premiership - 2nd) Scotland RW 16 Scott Wright 3
23%
2018/19 (Premiership - 4th) Scotland ST 25 Stevie May 41 3
23%
2017/18 (Premiership - 2nd) Scotland ST 24 Stevie May 34 5
23%
2021/22 (Premiership - 10th) Scotland RW 21 Connor McLennan 25 1
20%
2020/21 (Premiership - 4th) Scotland RW 20 Connor McLennan 29
20%
2019/20 (Premiership - 4th) Scotland RW 19 Connor McLennan 25 3
20%
2018/19 (Premiership - 4th) Scotland RW 18 Connor McLennan 27 4
20%
2015/16 (Premiership - 2nd) Scotland RW 15 Connor McLennan 1
20%
2020/21 (Premiership - 4th) Albania ST 25 Florian Kamberi 14 1
20%
2019/20 (Premiership - 4th) England ST 23 James Wilson 16
20%
2018/19 (Premiership - 4th) England ST 22 James Wilson 32 4
20%
2017/18 (Premiership - 2nd) England ST 23 Jayden Stockley 3
20%
2016/17 (Premiership - 2nd) England ST 22 Jayden Stockley 39 6
20%
2017/18 (Premiership - 2nd) Iceland CB 34 Karin Arnason 25 3
20%
2014/15 (Premiership - 2nd) Scotland ST 18 Lawrence Shankland 17
20%
2017/18 (Premiership - 2nd) Scotland CB 30 Mark Reynolds 20 1
20%
2016/17 (Premiership - 2nd) Scotland CB 29 Mark Reynolds 38
20%
2015/16 (Premiership - 2nd) Scotland CB 28 Mark Reynolds 24
20%
2014/15 (Premiership - 2nd) Scotland CB 27 Mark Reynolds 47 3
20%
2020/21 (Premiership - 4th) Scotland ST 22 Callum Hendry 15 3
17%
2022/23 (Premiership - 3rd) England RW 25 Callum Roberts 4
17%
2018/19 (Premiership - 4th) England DM 22 Dominic Ball 40
17%
2017/18 (Premiership - 2nd) England DM 21 Dominic Ball 19
17%
2021/22 (Premiership - 10th) Scotland CM 28 Dylan McGeouch 17
17%
2020/21 (Premiership - 4th) Scotland CM 27 Dylan McGeouch 19
17%
2019/20 (Premiership - 4th) Scotland CM 26 Dylan McGeouch 9
17%
2020/21 (Premiership - 4th) Scotland LM 18 Ethan Ross 5
17%
2019/20 (Premiership - 4th) Scotland LM 17 Ethan Ross 2
17%
2018/19 (Premiership - 4th) Scotland LM 16 Ethan Ross 6
17%
2018/19 (Premiership - 4th) Scotland LW 20 Frank Ross 2
17%
2017/18 (Premiership - 2nd) Scotland LW 19 Frank Ross 4 1
17%
2016/17 (Premiership - 2nd) Scotland LW 18 Frank Ross 3
17%
2015/16 (Premiership - 2nd) Scotland LW 17 Frank Ross 2
17%
2014/15 (Premiership - 2nd) Scotland LW 16 Frank Ross 2
17%
2018/19 (Premiership - 4th) Scotland LM 27 Gary Mackay-Steven 30 7
17%
2017/18 (Premiership - 2nd) Scotland LM 26 Gary Mackay-Steven 42 9
17%
2021/22 (Premiership - 10th) England GK 30 Gary Woods 5
17%
2020/21 (Premiership - 4th) England GK 29 Gary Woods 5
17%
2022/23 (Premiership - 3rd) England LB 24 Hayden Coulson 31 1
17%
2022/23 (Premiership - 3rd) England RB 21 Jayden Richardson 24
17%
2015/16 (Premiership - 2nd) Scotland CB 29 Paul Quinn 18 1
17%
2016/17 (Premiership - 2nd) Scotland AM 16 Seb Ross 1
17%
2018/19 (Premiership - 4th) Czech Republic GK 33 Tomas Cerny 1
17%
2021/22 (Premiership - 10th) Scotland LB 18 Adam Montgomery 8
13%
2020/21 (Premiership - 4th) Scotland CM 33 Craig Bryson 2
13%
2019/20 (Premiership - 4th) Scotland CM 32 Craig Bryson 12
13%
2020/21 (Premiership - 4th) England ST 28 Curtis Main 17 3
13%
2019/20 (Premiership - 4th) England ST 27 Curtis Main 25 4
13%
2017/18 (Premiership - 2nd) Ireland GK 23 Danny Rogers 3
13%
2014/15 (Premiership - 2nd) Scotland CM 22 Nicky Low 13 1
13%
2020/21 (Premiership - 4th) Ireland CB 26 Tommie Hoban 43 2
13%
2019/20 (Premiership - 4th) Ireland CB 25 Tommie Hoban 1
13%
2018/19 (Premiership - 4th) Ireland CB 24 Tommie Hoban 9 1
13%
2016/17 (Premiership - 2nd) Wales RM 21 Wes Burns 21 1
13%
2017/18 (Premiership - 2nd) Ireland CB 24 Anthony O'Connor 49 2
10%
2016/17 (Premiership - 2nd) Ireland CB 23 Anthony O'Connor 42 3
10%
2021/22 (Premiership - 10th) England ST 20 Austin Samuels 7
10%
2014/15 (Premiership - 2nd) Scotland CB 20 Clark Robertson 1
10%
2016/17 (Premiership - 2nd) Scotland CM 20 Craig Storie 2
10%
2015/16 (Premiership - 2nd) Scotland CM 19 Craig Storie 10
10%
2022/23 (Premiership - 3rd) England RW 20 Dilan Markanday 3
10%
2020/21 (Premiership - 4th) Scotland ST 20 Fraser Hornby 10
10%
2017/18 (Premiership - 2nd) England GK 20 Freddie Woodman 8
10%
2017/18 (Premiership - 2nd) England CM 28 Greg Tansey 14
10%
2021/22 (Premiership - 10th) England RB 25 Jack Gurr 8
10%
2015/16 (Premiership - 2nd) Antigua & Barbuda ST 24 Josh Parker 8
10%
2020/21 (Premiership - 4th) Malawi LB 17 Kieran Ngwenya 2
10%
2021/22 (Premiership - 10th) England CM 21 Matty Longstaff 5
10%
2018/19 (Premiership - 4th) England LB 21 Max Lowe 42 3
10%
2017/18 (Premiership - 2nd) England ST 23 Miles Storey 3 1
10%
2016/17 (Premiership - 2nd) England ST 22 Miles Storey 19 1
10%
2017/18 (Premiership - 2nd) England ST 30 Nicky Maynard 25
10%
2022/23 (Premiership - 3rd) Slovakia AM 21 Patrik Myslovic 5
10%
2020/21 (Premiership - 4th) England ST 19 Ryan Edmondson 16 2
10%
2015/16 (Premiership - 2nd) Northern Ireland RB 20 Ryan McLaughlin 5
10%
2021/22 (Premiership - 10th) England CM 19 Teddy Jenks 24 2
10%
2014/15 (Premiership - 2nd) Scotland LM 26 Andy Driver 1
7%
2015/16 (Premiership - 2nd) Scotland SS 19 Cammy Smith 14
7%
2014/15 (Premiership - 2nd) Scotland SS 18 Cammy Smith 30 2
7%
2017/18 (Premiership - 2nd) Nigeria DM 20 Chidiebere Nwakali 8
7%
2018/19 (Premiership - 4th) Ireland CM 25 Chris Forrester 8
7%
2015/16 (Premiership - 2nd) Scotland ST 26 David Goodwillie 25 2
7%
2014/15 (Premiership - 2nd) Scotland ST 25 David Goodwillie 38 6
7%
2015/16 (Premiership - 2nd) Scotland CB 19 Michael Rose 1
7%
2021/22 (Premiership - 10th) Scotland ST 19 Michael Ruth 3
7%
2020/21 (Premiership - 4th) Scotland ST 18 Michael Ruth 2
7%
2020/21 (Premiership - 4th) Finland DM 21 Miko Virtanen 2
7%
2015/16 (Premiership - 2nd) Wales ST 26 Simon Church 13 6
7%
2014/15 (Premiership - 2nd) Scotland RM 19 Craig Murray 2
3%
2017/18 (Premiership - 2nd) Scotland LB 18 Daniel Harvie 3
3%
2015/16 (Premiership - 2nd) Scotland LB 16 Daniel Harvie 2
3%
2014/15 (Premiership - 2nd) Montserrat CB 20 Donervon Daniels 10 1
3%
2018/19 (Premiership - 4th) England CB 33 Greg Halford 2
3%
2014/15 (Premiership - 2nd) Ireland CB 21 Joe Shaughnessy 3
3%
2022/23 (Premiership - 3rd) Scotland ST 17 Liam Harvey 1
3%
2021/22 (Premiership - 10th) Scotland ST 16 Liam Harvey 2
3%
2019/20 (Premiership - 4th) Ireland CM 30 Stephen Gleeson 1
3%
2018/19 (Premiership - 4th) Ireland CM 29 Stephen Gleeson 19
3%
2019/20 (Premiership - 4th) England CB 22 Zak Vyner 18 1
3%
2015/16 (Premiership - 2nd) Australia GK 22 Aaron Lennox 1
0%
2015/16 (Premiership - 2nd) England GK 30 Adam Collin 3
0%
2014/15 (Premiership - 2nd) Scotland ST 19 Declan McManus 1
0%
2014/15 (Premiership - 2nd) England RB 20 Jeffrey Monakana 10
0%
2015/16 (Premiership - 2nd) England ST 18 Joe Nuttall 2
0%
2014/15 (Premiership - 2nd) Scotland CM 19 Kieran Gibbons 1
0%
2022/23 (Premiership - 3rd) England CB 19 Mason Hancock 4
0%
No matching quizzes found
Score Distribution
Percent of People with Each Score
Percentile by Number Answered
Your Score History
You have not taken this quiz